00406nam a22001337a 450000500170000000800410001702000140005804000130007208200230008510000190010824500860012726000480021330000110026120150811110330.0150811b xxu||||| |||| 00| 0 eng d a078609040 cPK-LaUMT aKHC 297.822bFAR-S aFarhad Daftary aA short history of the Ismailisbtraditions of a Muslim communitycFarhad Daftary aCambridgebEdinburgh university pressc1998 a248 p.